000 00514nam a22001817a 4500
003 OSt
005 20201120090743.0
008 110412s1973 dr 000 0 spa d
040 _aDO-SdBNP
_bspa
_cBNPHU
082 _axxxx
_bxxxx
110 2 _aBanco Popular Dominicano
_955880
245 1 0 _aEstatutos sociales del Banco Popular Dominicano /
260 _aSanto Domingo :
_bImpresora Margarita,
_c1973.
300 _a24 p. ;
_c23 cm.
590 _aInventariado, 2020/ YL
910 _aYLockward
942 _2ddc
_cLF2
999 _c49167
_d49167